000
00381nam a22001697a 4500
003
MPLRDC
005
20220104124226.0
008
210129b ||||| |||| 00| 0 eng d
020
_a
962-293-050-6
082
_a
241 SJGH
100
_a
不详
245
_a
圣经
_c
260
_a
_b
圣经公会
_c
1979
300
_b
平
650
_a
基督教--圣经
942
_c
BK
_o
241 SJGH
999
_c
17634
_d
17624